| 000 | 00823nam a2200229Ia 4500 | ||
|---|---|---|---|
| 001 | 17474 | ||
| 003 | GE_BSU | ||
| 008 | 181216s||||||||xx |||||||||||||| ||und|| | ||
| 040 | _cGE_BSU | ||
| 080 | _a82-93 | ||
| 100 | _aნიქაბაძე,ჯანსუღ | ||
| 245 | _aციხისგორას საიდუმლო | ||
| 245 | _bსასკოლო ასაკის ბავშვებისათვის | ||
| 245 | _cრედ.:მ.სოხაძე;მხატვ.:ჯ.ყავლაშვილი | ||
| 260 | _aთბილისი | ||
| 260 | _bნაკადული | ||
| 260 | _c1970 | ||
| 300 | _a146გვ. ; 16სმ. | ||
| 653 | _aმოთხრობა | ||
| 653 | _aსასკოლო ასაკის ბავშვებისათვის | ||
| 942 | _cBK | ||
| 999 |
_c50525 _d50525 |
||